República liberal sociedad y cultura (Registro nro. 68676)

Detalles MARC
000 -ENCABEZADO
Número de control [NR] 01326nam a22003137a 4500
008 - DE LONGITUD FIJA DE DATOS DE ELEMENTOS - INFORMACIÓN GENERAL
Elementos de longitud fija [NR] 130821s2009 ck a gr spa
020 ## - NUMERO INTERNACIONAL NORMALIZADO PARA LIBROS [R]
Número Internacional Normalizado del libro [NR] 9789587192377
040 ## - FUENTE DE CATALOGACION [NR]
Agencia de catalogación original [NR] Co-BoUCM
Idioma de catalogación [NR] spa
041 00 - CODIGO DE IDIOMA [R]
Código de idioma para texto/pista de sonido o título separado [R] Español
245 00 - MENCION DE TITULO [NR]
Título [NR] República liberal sociedad y cultura
Mención de responsabilidad, etc. [NR] Rubén Sierra Mejía, editor
260 ## - PUBLICACION, DISTRIBUCION, ETC. (PIE DE IMPRENTA) [R]
Lugar de publicación, distribución, etc. [R] Bogotá (Colombia)
Nombre del editor, distribuidor, etc. [R] Universidad Nacional de Colombia
Fecha de publicación, distribución, etc. [R] 2009
300 ## - DESCRIPCION FISICA [R]
Extensión [R] 660 páginas
Otros detalles físicos [NR] ilustraciones, gráficas
490 #0 - MENCION DE SERIE [R]
Mención de serie [R] Biblioteca Abierta.
-- Colección General Estudios Interdisciplinarios
Designación numérica/secuencial del volumen [NR] 373
504 ## - NOTA DE BIBLIOGRAFIA, ETC. [R]
Nota de bibliografía, etc. [NR]
650 04 - ASIENTO SECUNDARIO DE MATERIA - TERMINO TEMATICO [R]
Término temático o nombre geográfico como elemento de entrada [NR] Ciencia política
9 (RLIN) 340
650 04 - ASIENTO SECUNDARIO DE MATERIA - TERMINO TEMATICO [R]
Término temático o nombre geográfico como elemento de entrada [NR] Cultura
9 (RLIN) 12390
650 04 - ASIENTO SECUNDARIO DE MATERIA - TERMINO TEMATICO [R]
Término temático o nombre geográfico como elemento de entrada [NR] Justicia social
Subdivisión geográfica [R] Colombia
Subdivisión cronológica [R] 1930-1946
9 (RLIN) 18207
650 04 - ASIENTO SECUNDARIO DE MATERIA - TERMINO TEMATICO [R]
Término temático o nombre geográfico como elemento de entrada [NR] Liberalismo
Subdivisión geográfica [R] Colombia
Subdivisión cronológica [R] 1930-1946
9 (RLIN) 7786
650 04 - ASIENTO SECUNDARIO DE MATERIA - TERMINO TEMATICO [R]
Término temático o nombre geográfico como elemento de entrada [NR] Pensamiento político y social
Subdivisión geográfica [R] Colombia
Subdivisión cronológica [R] 1930-1946
9 (RLIN) 21266
650 04 - ASIENTO SECUNDARIO DE MATERIA - TERMINO TEMATICO [R]
Término temático o nombre geográfico como elemento de entrada [NR] Política cultural
Subdivisión geográfica [R] Colombia
Subdivisión cronológica [R] 1930-1946
9 (RLIN) 21936
651 #4 - ASIENTO SECUNDARIO DE MATERIA - NOMBRE GEOGRAFICO [R]
Nombre geográfico [NR] Colombia
Subdivisión general [R] Política y gobierno
9 (RLIN) 26608
700 1# - ASIENTO SECUNDARIO - NOMBRE PERSONAL [R]
Nombre personal [NR] Acevedo Carmona, Darío,
9 (RLIN) 132556
700 1# - ASIENTO SECUNDARIO - NOMBRE PERSONAL [R]
Nombre personal [NR] Barrero, Tomás
9 (RLIN) 167211
700 1# - ASIENTO SECUNDARIO - NOMBRE PERSONAL [R]
Nombre personal [NR] Londoño Botero, Rocío
9 (RLIN) 72448
700 1# - ASIENTO SECUNDARIO - NOMBRE PERSONAL [R]
Nombre personal [NR] Sierra Mejía, Rubén
Término de relación [R]
9 (RLIN) 57135
710 1# - ASIENTO SECUNDARIO - NOMBRE CORPORATIVO [R]
Nombre corporativo o de jurisdicción como elemento de entrada [NR] Universidad Nacional de Colombia.
Unidad subordinada [R] Facultad de Ciencias Humanas.
-- Departamento de Filosofía
9 (RLIN) 59100
942 ## - ELEMENTOS DE ENTRADA AGREGADOS (KOHA)
Tipo de ítem principal el descrito en 300a Libro
Tema principal Ciencia política
Edición 1
Parte restante de la signatura top. R426
Sistema de clasificación DEWEY
Clasificación 320.981
Existencias
Fecha de último préstamo Total préstamos Total Renewals Signatura topográfica Código de barras Última vez visto Ejemplar Price effective from Tipo de ítem Perdido Sistema de clasificación Dañado No prestable Tipo de ítem específico Suprimido Ubicación habitual Ubicación actual Localización Fecha de creación Forma de adquisición Costo
11/03/2022 25 16 320.981 R426 100109733 03/12/2025 Ej.1 03/02/2013 Libro   DEWEY     Libro   Claustro Claustro 3er piso 28/02/2010 Compra 68000.00